|
|
|
|
| LEADER |
00000nam a22000007a 4500 |
| 005 |
20220630220133.0 |
| 007 |
cr|||| |||| |
| 008 |
220630s2021 es |||||s|||| 00||0 spa d |
| 020 |
|
|
|a 978-84-1377-646-0
|
| 035 |
|
|
|a 36149
|
| 040 |
|
|
|a vLex
|
| 090 |
|
|
|c 13502
|d 13502
|
| 100 |
1 |
|
|a Cruz ℓngeles, Jonatǹ
|
| 245 |
1 |
0 |
|a Innovacin̤ en la docencia e investigacin̤ de las ciencias jurd̕icas, econm̤icas y empresariales
|h [Recurso electrn̤ico] /
|c Jonatǹ Cruz ℓngeles
|
| 256 |
|
|
|a Servicio en ln̕ea
|
| 260 |
|
|
|a Madrid:
|b Dykinson,
|c 2021
|
| 300 |
|
|
|a 1 recurso electrn̤ico
|
| 506 |
1 |
|
|a Disponible solo en los productos indicados
|d vLex Global
|d vLex Global (Academic Edition, excluding Law Schools)
|d vLex Global (U.S. Academic Edition, Law Schools)
|d vLex Global (U.S. Academic Edition, excluding Law Schools)
|d vLex Global (Academic Edition, Law Schools)
|
| 650 |
0 |
4 |
|a Derecho Militar
|z Espaą
|
| 650 |
0 |
4 |
|a Ciencias sociales
|z Espaą
|
| 740 |
0 |
|
|a vLex Libros (Servicio en ln̕ea)
|
| 856 |
4 |
0 |
|u https://app.vlex.com/#/sources/36149
|z Acceso restringido
|
| 942 |
|
|
|c BOOK
|
| 999 |
0 |
|
|a Military Law
|
| 999 |
0 |
|
|a Social Sciences
|